000 01047nam a2200325Ia 4500
001 Z_1694
003 CHAP
008 220113s1999 xx 000 0 und d
010 _a164785
040 _cCHAP
090 _aTesis S 1350
100 _aSánchez Enríquez, Horacio
_9107488
245 _aEvaluación del comportamiento productivo de ovejas Suffolk en pastoreo en la fase final de gestación /
_cpor Horacio Sánchez Enríquez
260 _aChapingo, Méx. :
_bEl autor,
_c1999
300 _a44 h. : gráfs. ; cuadros
502 _aTesis (Ing. Agr. Esp. en Zootecnia) -- UACH. Departamento de Zootecnia
650 _aAlfalfa como forraje
_93899
650 _aDactylis glomerata
_930865
650 _aGanado lanar
_xAlimentación
_945153
650 _aGanado lanar
_xPastoreo
_945209
650 _aGanado lanar
_xProductos
_9138861
650 _aGanado lanar
_xRazas
_945218
650 _aGanado Suffolk
_945424
901 _aTESIS S 1350
902 _aM
910 _a1999
942 _c2
942 _c2
999 _c164785
_d164785